En qué creen los que creen

Saved in:
Bibliographic Details
Main Author: Bentué, Antonio (autor)
Format: Book
Language:Spanish
Published: Barcelona Claret 2003
Series:Punto de Encuentro, 9
Subjects:
Tags: Add Tag
No Tags, Be the first to tag this record!

MARC

LEADER 00000nam a2200000 a 4500
001 UCL6994
003 CL-VaPUC
008 040423e20030000SP |||||||||||||||||spa|d
020 |a 8482974327 
082 0 4 |a 239  |b BEN  |2 21 
100 |a Bentué, Antonio  |e autor  |9 598242 
245 1 0 |a En qué creen los que creen 
300 |a 262 p 
942 |c BK 
945 |d 20040423 00:00:00  |a cmena 
260 |a Barcelona  |b Claret  |c 2003 
650 0 |a Teología fundamental   |9 313207 
650 0 |a Iglesia Católica  |9 256114 
650 0 |a Valores sociales  |9 309627 
650 0 |a Fe  |9 308036 
650 0 |a Catequesis  |9 314526 
583 |a last modification  |c 20040423 00:00:00  |k Rodrigo Vera 
490 0 |a Punto de Encuentro, 9 
999 |c 308865  |d 308863 
952 |0 0  |1 0  |4 0  |6 239_000000000000000_BEN_2003  |7 0  |8 A  |9 375778  |a BIBTEO  |b BIBTEO  |d 2019-11-21  |i 4005686  |l 1  |o 239 BEN 2003  |p 4005686  |r 2025-01-17  |s 2022-11-28  |w 2019-11-21  |y BK  |k ICR